000 00425nam a2200181Ia 4500
001 8848
005 20260306160640.0
008 260306t2011||||xx |||||||||||||| ||spa||
041 _aESP
082 _a371.404
_bM42
100 _aMéndez, Laura
_eAUT
245 0 _aLa tutoría en educación infantil
260 _c2011
300 _a404 páginas :
_c24 cm.
650 _aGEN
654 _aCED
942 _cLIB
_dJUS
_fJUS
_2ddc
_n
999 _c8848
_d8848